| 000 | 00523nam a2200193Ia 4500 | ||
|---|---|---|---|
| 005 | 20250326143828.0 | ||
| 008 | 250326s9999 xx 000 0 und d | ||
| 020 | _a81-8123-219-1 | ||
| 037 | _aTextbook | ||
| 040 |
_aFMSL _beng _cFMSL |
||
| 041 |
_aeng _2eng |
||
| 084 |
_aB280bX P4 _qFMSL |
||
| 100 | _aRuppert David | ||
| 245 | 0 |
_aStatistics and fice : An Introduction _cRuppert David |
|
| 260 |
_aNY _bNY, Springer _c2004 |
||
| 300 | _axx,473 | ||
| 942 |
_cTB _hB280bX P4 |
||
| 999 |
_c1301226 _d1301226 |
||